| 000 | 00548cam a2200205 4500 | ||
|---|---|---|---|
| 001 | D6208 | ||
| 008 | 090401t1975 xxu||||| |||| 00| 0 eng d | ||
| 035 | _a(Sirsi) u90765 | ||
| 041 | _aeng | ||
| 050 | _a692.80212 | ||
| 110 |
_aJoint Contracts Tribunal _93664 |
||
| 245 | _aPractice note 18; adjustment of the contract sum by means of formulae | ||
| 260 |
_aLondon _bRIBA Publications _c1975 |
||
| 300 | _a11p. 30cm | ||
| 350 | _a1 | ||
| 490 |
_aJCT Practice Note _v18 |
||
| 520 | _aFiled at JCT 1975/3A | ||
| 942 | _n0 | ||
| 948 | _c04/03/1997 | ||
| 999 |
_c97583 _d97583 |
||